| 000 | 00422nam a22001697a 4500 | ||
|---|---|---|---|
| 003 | NUST - PNEC | ||
| 005 | 20170116180826.0 | ||
| 008 | 150727b xxu||||| |||| 00| 0 eng d | ||
| 020 | _a- | ||
| 040 | _cLIBRARY | ||
| 082 | _a512.13 YUS | ||
| 100 |
_99 _aYusuf S.M |
||
| 245 |
_aModern Algebra & Trigonometry : for intermediate classes _cYusuf, S. M. |
||
| 250 | _a1st | ||
| 650 |
_94395 _aAlgebra _xME |
||
| 942 |
_2ddc _cBK |
||
| 999 |
_c63896 _d63896 |
||